| 000 | 00910nam a2200241Ia 4500 | ||
|---|---|---|---|
| 001 | 222 | ||
| 005 | 20251203123019.0 | ||
| 008 | 251203t2002||||xx |||||||||||||| ||spa|| | ||
| 020 | _a8467000392 | ||
| 041 | _aESP | ||
| 082 |
_aRD 460 _bR31 |
||
| 110 | _aReal Academia Española | ||
| 245 | 0 |
_aDiccionario de la lengua española : _bTomos 1-10 |
|
| 250 | _aVigésima segunda edición | ||
| 260 |
_a[Madrid] : _bReal Academia Española _c2002 |
||
| 300 |
_a1614 páginas : _b _c 27 cm. _e |
||
| 440 |
_a _n _v |
||
| 505 | _aContiene: Tomo 1: a-apelación; Tomo 2: apelado-canjura; Tomo 3: canjuro-coscarrón; Tomo 4: coscarse-engaratusar; Tomo 5: engarbado-grimorio; Tomo 6: grimoso-lulú; Tomo 7: luma-ozonósfera; Tomo 8: p-quisco; Tomo 9: quiscudo-tamborete; Tomo 10: tamboril-zuzón/Apéndice | ||
| 650 | _aLEN | ||
| 653 | _aLengua española - Diccionario | ||
| 654 | _aCTP | ||
| 942 |
_cDIC _dJUS _fTRC _2ddc _n |
||
| 999 |
_c222 _d222 |
||